City to Population Click Quiz - Statistics

General Stats
  • This quiz has been taken 12 times
  • The average score is 10 of 20
Answer Stats
Hint Answer % Correct
Canberra 0 - 1 million
83%
Vancouver 1 - 5 million
83%
Tirana 0 - 1 million
67%
Dhaka 15+ million
67%
Chicago 5 - 10 million
67%
Wellington 0 - 1 million
58%
Milan 1 - 5 million
58%
Chengdu 15+ million
58%
Buenos Aires 15+ million
58%
Bloemfontien 0 - 1 million
50%
Lima 10 - 15 million
50%
Antananarivo 1 - 5 million
50%
Barcelona 1 - 5 million
50%
Zagreb 0 - 1 million
42%
Glasgow 1 - 5 million
42%
Belo Horizonte 5 - 10 million
42%
Chennai 10 - 15 million
33%
Khartoum 5 - 10 million
33%
Tehran 15+ million
25%
Bangalore 15+ million
25%
No matching quizzes found
Score Distribution
Percent of People with Each Score
Percentile by Number Answered
Your Score History
You have not taken this quiz